000 01000cam a22003137a 4500
003 CHAP
005 20220329142651.0
008 020903d1999 mx a r 00110 spa d
010 _a86226
011 _a87198
020 _a9681331656
035 _a97740
040 _cCHAP
082 0 4 _a631.585
_bS35
100 0 0 _aSamperio Ruíz, Gloria.
_9101928
245 1 0 _aHidroponia comercial
_c/por Gloria Samperio Ruíz
260 _aMéxico, D.F. :
_bDiana,
_c1999.
300 _a172 p. :
_bilus.
590 _aBATCH-UPD
_b10
_c20130110
_lUCH01
_h0814
590 _aBATCH-UPD
_b10
_c20130410
_lUCH01
_h0451
590 _aBATCH-UPD
_b10
_c20130914
_lUCH01
_h1616
590 _aCONVERSION
_b10
_c20130109
_lUCH01
_h1348
650 1 4 _aHidroponía.
_955280
901 _aBK
905 _aMayto Villalobos S.
942 _cLIBRO
949 _a631.585 S35
_bBC
_cLIBRO
_d33724000875837
_eLIBRO
_h102952
_i97740
_si
_t$145.00
949 _a631.585 S35
_bBC
_cLIBRO
_d33724000882346
_eLIBRO
_fc.2
_gDonaciØn
_h103239
_i97740
_si
999 _c86226
_d86226